00630nam a2200169 i 4500001000300000100003600003245007900039260004800118300003900166500005200205700004100257040000800298041000800306080000700314008004100321856009800362bg1 aGevorkjan, Ruben. Georgievič. 0aFizyka /cR. G. Gevorkjan, V. V. Sepel ; Tłum. [z ros.] Stanisław Dymus. aWarszawa :bPaństw. Wydawn. Nauk.,c1975. as. 658, nlb. 2 :brys., tab., err. a[Na k. tyt. aut.] : Gieworkian R. G. , Szepiel.1 aŠepe~7l, Vladimir. Vladimirovič. cBPK apol a53 s pl f |000 0 pol  uhttp://koha.tu.koszalin.pl/cgi-bin/koha/opac-detail.pl?biblionumber=16332yKatalog online BPK